00331nam a2200109Ia 4500008004100000020002200041082001900063100002000082245007500102260003500177300000900212210430s9999 xx 000 0 und d a978-81-203-3846-3 a660.29 H1571 I aGopinath Halder aIntroduction to Chemical Engineering Thermodynamics /cGopinath Halder aNew DelhibAske K. Ghoshc2009 a650p